| 000 | 00942aab a2200217 4500 | ||
|---|---|---|---|
| 001 | 768714001 | ||
| 003 | CO-MdFUSB | ||
| 005 | 20240607112050.0 | ||
| 008 | 170510s1994 cr ||||| |||| 00| 0 spa d | ||
| 022 | _a1409-1968 | ||
| 040 |
_aCO-MdFUSB _bspa _cCO-MdFUSB _dCO-MdFUSB |
||
| 041 | _aspa | ||
| 100 | 1 |
_aWittig, Randall M. _eautor |
|
| 245 | 1 | 0 |
_aEl culto del éxito _c/ Randall M. Wittig |
| 300 |
_aVolumen 11. Número 4 (1994), página 4 _c: 27 cm. |
||
| 520 | _aTenemos un anhelo profundo de ser exitosos, así como de que otros lo reconozcan. A la misma vez, le tememos al fracaso, tanto en lo personal como en la faz ministerial. Esa mezcla de anhelo y temor bien puede ser de bendición, .. o maldición. Depende de cómo respondamos a ellos. | ||
| 650 | 7 |
_aÉxito _xAspectos religiosos _97319 |
|
| 773 | 0 |
_tApuntes Pastorales _049442 _977110 _gVolumen 11. Número 4 (1994), página 4 _qPágina 4 |
|
| 942 | _cANA | ||
| 945 | _aJTF-925 | ||
| 999 |
_c52965 _d52965 |
||